| 000 | 00380nam a22001457a 4500 | ||
|---|---|---|---|
| 020 | _a9789812359858 | ||
| 040 | _cNust | ||
| 082 |
_a006.3 _bWIN |
||
| 100 |
_aPatrick Henry Winston _9126462 |
||
| 245 | _aArtificial intelligence | ||
| 250 | _a3rd Edition | ||
| 260 |
_aEngland: _bAddison Wesley publishing, _c2000. |
||
| 650 | _aArtificial intelligence | ||
| 942 |
_2ddc _cBK |
||
| 999 |
_c612143 _d612143 |
||